Southville International School and Colleges
Your cart is empty.
  • Cart
  • Lists
    Public lists Eva Luna New books Lux_list list_1
    Your lists Log in to create your own lists
  • Log in to your account
  • Your cookies
  • Search history
Southville International School and Colleges
  • Advanced search
  • Recent comments
  • Most popular
  • Libraries

Log in to your account

Log in with GOOGLE


If you do not have an external account, but do have a local account, you can still log in:

  1. Home
  2. MARC view: Real-world nursing survival guide :
Normal view MARC view ISBD view

Real-world nursing survival guide : (Record no. 21237)

[ view plain ]
MARC details
000 -LEADER
fixed length control field 00936nam a2200277 a 4500
005 - DATE AND TIME OF LATEST TRANSACTION
control field 20140310183314.0
008 - FIXED-LENGTH DATA ELEMENTS--GENERAL INFORMATION
fixed length control field 051011s19uu xx 00 eng d
020 ## - INTERNATIONAL STANDARD BOOK NUMBER
International Standard Book Number 0-7216-0375-0
050 ## - LIBRARY OF CONGRESS CALL NUMBER
Classification number RC 670.5.H45
Item number .H377 2005
100 ## - MAIN ENTRY--PERSONAL NAME
Personal name Hodges, Rebecca K.
245 ## - TITLE STATEMENT
Title Real-world nursing survival guide :
Remainder of title hemodynamic monitoring /
Statement of responsibility, etc Rebecca K. Hodges, Kitty M. Garrett, Cynthia Chernecky, Lori Schumacher.
260 ## - PUBLICATION, DISTRIBUTION, ETC. (IMPRINT)
Place of publication, distribution, etc Philadelphia, PA :
Name of publisher, distributor, etc Elsevier Science (USA),
Date of publication, distribution, etc c2005.
300 ## - PHYSICAL DESCRIPTION
Extent xv, 206 p. :
Dimensions 25 cm.
650 ## - SUBJECT ADDED ENTRY--TOPICAL TERM
Topical term or geographic name as entry element Intravenous catherization.
650 ## - SUBJECT ADDED ENTRY--TOPICAL TERM
Topical term or geographic name as entry element Hemodynamics.
650 ## - SUBJECT ADDED ENTRY--TOPICAL TERM
Topical term or geographic name as entry element Patient monitoring.
650 ## - SUBJECT ADDED ENTRY--TOPICAL TERM
Topical term or geographic name as entry element Intensive care nursing.
650 ## - SUBJECT ADDED ENTRY--TOPICAL TERM
Topical term or geographic name as entry element Heart
General subdivision Disease
-- Nursing.
650 ## - SUBJECT ADDED ENTRY--TOPICAL TERM
Topical term or geographic name as entry element Critical care
General subdivision nurses' instruction.
700 ## - ADDED ENTRY--PERSONAL NAME
Personal name Hodges, Rebecca K.
700 ## - ADDED ENTRY--PERSONAL NAME
Personal name Garrett, Kitty M.
700 ## - ADDED ENTRY--PERSONAL NAME
Personal name Chernecky, Cynthia
700 ## - ADDED ENTRY--PERSONAL NAME
Personal name Schumacher, Lori
942 ## - ADDED ENTRY ELEMENTS (KOHA)
Koha item type Books
Source of classification or shelving scheme Library of Congress Classification
Call number prefix Foreign
Holdings
Withdrawn status Lost status Source of classification or shelving scheme Damaged status Home library Current library Shelving location Date acquired Total Checkouts Full call number Barcode Date last seen Copy number Price effective from Koha item type
    Library of Congress Classification   College Library College Library General Circulation Section 10/11/2005   RC 670.5.H45 .H377 2005 C6329 05/15/2018 1 03/10/2014 Books

Real-world nursing survival guide :

APA

Hodges R. K., Hodges R. K., Garrett K. M., Chernecky C. & Schumacher L. (2005). Real-world nursing survival guide. Philadelphia, PA: Elsevier Science (USA).

Chicago

Hodges Rebecca K, Hodges Rebecca K, Garrett Kitty M, Chernecky Cynthia and Schumacher Lori. 2005. Real-world nursing survival guide. Philadelphia, PA: Elsevier Science (USA).

Harvard

Hodges R. K., Hodges R. K., Garrett K. M., Chernecky C. and Schumacher L. (2005). Real-world nursing survival guide. Philadelphia, PA: Elsevier Science (USA).

MLA

Hodges Rebecca K, Hodges Rebecca K, Garrett Kitty M, Chernecky Cynthia and Schumacher Lori. Real-world nursing survival guide. Philadelphia, PA: Elsevier Science (USA). 2005.

  • Place hold
  • Print
  • Cite
  • Add to your cart (remove)
  • Save record
    BIBTEX Dublin Core MARCXML MARC (non-Unicode/MARC-8) MARC (Unicode/UTF-8) MARC (Unicode/UTF-8, Standard) MODS (XML) RIS
  • More searches
    Search for this title in:
    Other Libraries (WorldCat) Other Databases (Google Scholar) Online Stores (Bookfinder.com) Open Library (openlibrary.org)

Exporting to Dublin Core...

SOUTHVILLE LIBRARY

Southville International School and Colleges Library

1281 Tropical Ave. Cor. Luxembourg St., BF Homes International, Las Pinas City

Tel. No. 8256374 / 252358 Loc. 117/146

Powered by Koha